Statistics for Lana Del Rey - Beautiful People Beautiful Problems Lyrics

Click here to take the quiz!

General Stats

  • This quiz has been taken 16 times
  • The average score is 224 of 246

Answer Stats

Answer% Correct
a
100%
and
100%
beautiful
100%
Beautiful
100%
(Beautiful
100%
Blue
100%
but
100%
But
100%
color
100%
got
100%
he
100%
I
100%
is
100%
it
100%
It
100%
knows
100%
live
100%
love?
100%
love
100%
love)
100%
loves
100%
of
100%
people
100%
problems
100%
the
100%
them
100%
to
100%
we
100%
We
100%
(We're
100%
we're
100%
we've
100%
with
100%
With
100%
above
92%
day
92%
Every
92%
eyes
92%
from
92%
girl
92%
God
92%
gotta
92%
Green
92%
He's
92%
It's
92%
it's
92%
(It's
92%
just
92%
just)
92%
la
92%
man
92%
night
92%
our
92%
planet
92%
try
92%
view
92%
Yeah
92%
yeah)
92%
yeah
92%
at
85%
body
85%
close
85%
feeling
85%
get
85%
hard
85%
how
85%
like
85%
Long
85%
long
85%
me
85%
my
85%
My
85%
So
85%
so
85%
sugar
85%
tired
85%
touch
85%
when
85%
work
85%
Because
77%
complain
77%
heart
77%
land
77%
(Lie
77%
lie)
77%
more
77%
not
77%
oh
77%
Oh
77%
red
77%
reign
77%
runs
77%
rush
77%
shirt
77%
Something
77%
than
77%
through
77%
turtle
77%
blood
69%
dove
69%
fire
69%
game
69%
rough
69%
soft
69%
video
69%
walk
69%
warm
69%
'Bout
62%
him
62%
mm
62%
Mm
62%
past
62%
'Til
62%
wasted
62%
collar
46%

Score Distribution

Percentile by Number Answered

Percent of People with Each Score

Your Score History

You have not taken this quiz